Online Catalogue and eLibrary

Women's studies in Asia and the Pacific : (Record no. 163)

MARC details
000 -LEADER
fixed length control field 00807nam a2200265 a 4500
001 - CONTROL NUMBER
control field 4341862
005 - DATE AND TIME OF LATEST TRANSACTION
control field 20231208035545.0
008 - FIXED-LENGTH DATA ELEMENTS--GENERAL INFORMATION
fixed length control field 881122s1983 my b 000 0 eng
040 ## - CATALOGING SOURCE (பட்டியலாக்க மூலம்)
Original cataloging agency DLC
Transcribing agency DLC
Modifying agency DLC
082 00 - DDC Classification
Class No. 305.4/095
DDC Edition Number 19
Item Number - Author Mark Bin.
100 1# - MAIN ENTRY--PERSONAL NAME
Personal name Agarwal, Bina.
245 10 - TITLE STATEMENT
Title Women's studies in Asia and the Pacific :
Remainder of title an overview of current status and needed priorities /
Statement of responsibility, etc. Bina Agarwal.
260 ## - PUBLICATION, DISTRIBUTION, ETC.
Place of publication, distribution, etc. Kuala Lumpur, Malaysia :
Name of publisher, distributor, etc. APDC,
Date of publication, distribution, etc. 1983.
300 ## - PHYSICAL DESCRIPTION
Extent (e.g. Volumes, Pages etc.) 82 p. ;
490 1# - SERIES STATEMENT
Series statement Occasional paper / Programme on Women in Development, Asian and Pacific Development Centre ;
500 ## - GENERAL NOTE
General note "November 1983."
500 ## - GENERAL NOTE
General note Errata slip inserted.
650 #0 - SUBJECT ADDED ENTRY--TOPICAL TERM
Topical term or geographic name entry element Women
650 #0 - SUBJECT ADDED ENTRY--TOPICAL TERM
Topical term or geographic name entry element Women
650 #0 - SUBJECT ADDED ENTRY--TOPICAL TERM
Topical term or geographic name entry element Women's studies
650 #0 - SUBJECT ADDED ENTRY--TOPICAL TERM
Topical term or geographic name entry element Women's studies
650 #0 - SUBJECT ADDED ENTRY--TOPICAL TERM
Topical term or geographic name entry element Women
650 #0 - SUBJECT ADDED ENTRY--TOPICAL TERM
Topical term or geographic name entry element Women
942 ## - Koha item type (Biblio)
Koha item type Books in Stacks (Lending)
Holdings
Lost status Damaged status Collection code Home library Current library Date acquired Full call number Accession Number Item type
    Lending WERC Library WERC Library 12/08/2023 305.4/095 Bin. 755 Books in Stacks (Lending)

© WERC Library